A subject index to the literature of South African geology and mineral resources for the years 1921 to 1935 (inclusive) : (Record no. 27662)
[ view plain ]
| 000 -LEADER | |
|---|---|
| fixed length control field | 01288cam a22002654a 4500 |
| 001 - CONTROL NUMBER | |
| control field | gs 40000301 |
| 003 - CONTROL NUMBER IDENTIFIER | |
| control field | DLC |
| 005 - DATE AND TIME OF LATEST TRANSACTION | |
| control field | 20260227111346.0 |
| 008 - FIXED-LENGTH DATA ELEMENTS--GENERAL INFORMATION | |
| fixed length control field | 850906s1939 sa b f000 0 eng c |
| 010 ## - LIBRARY OF CONGRESS CONTROL NUMBER | |
| LC control number | gs 40000301 |
| 035 ## - SYSTEM CONTROL NUMBER | |
| System control number | (OCoLC)12499934 |
| 040 ## - CATALOGING SOURCE | |
| Original cataloging agency | U. S. Geol. Survey. Libr. |
| Transcribing agency | TxHR |
| Modifying agency | OCoLC |
| -- | DLC |
| 042 ## - AUTHENTICATION CODE | |
| Authentication code | premarc |
| 050 00 - LIBRARY OF CONGRESS CALL NUMBER | |
| Classification number | QE324 |
| Item number | .A3 no. 37 |
| 100 1# - MAIN ENTRY--PERSONAL NAME | |
| Personal name | Hall, A. L. |
| Fuller form of name | (Arthur Lewis), |
| Dates associated with a name | 1872-1955. |
| 245 12 - TITLE STATEMENT | |
| Title | A subject index to the literature of South African geology and mineral resources for the years 1921 to 1935 (inclusive) : |
| Remainder of title | A companion volume to Memoirs 25, 27, and 30 (Bibliographies 1921-1935, Authors' index) / |
| Statement of responsibility, etc. | by A. L. Hall. |
| 260 ## - PUBLICATION, DISTRIBUTION, ETC. | |
| Place of publication, distribution, etc. | Pretoria : |
| Name of publisher, distributor, etc. | Govt. Printer, |
| Date of publication, distribution, etc. | 1939. |
| 300 ## - PHYSICAL DESCRIPTION | |
| Extent | 288 p. ; |
| Dimensions | 24 cm. |
| 490 1# - SERIES STATEMENT | |
| Series statement | Geological Survey memoir ; |
| Volume/sequential designation | no. 37 |
| 500 ## - GENERAL NOTE | |
| General note | At head of title: Union of South Africa, Department of Mines. |
| 501 ## - WITH NOTE | |
| With note | With: The geology of the country around Bethlehem and Kestell with special reference to oil indications / by O.R. van Eeden. Pretoria : Govt. Printer, 1937. Bound together subsequent to publication. |
| Institution to which field applies | DLC |
| 650 #0 - SUBJECT ADDED ENTRY--TOPICAL TERM | |
| Topical term or geographic name entry element | Geology |
| Geographic subdivision | South Africa |
| Form subdivision | Bibliography. |
| 650 #0 - SUBJECT ADDED ENTRY--TOPICAL TERM | |
| Topical term or geographic name entry element | Mines and mineral resources |
| Geographic subdivision | South Africa |
| Form subdivision | Bibliography. |
| 830 #0 - SERIES ADDED ENTRY--UNIFORM TITLE | |
| Uniform title | Memoir (Geological Survey (South Africa)) ; |
| Volume/sequential designation | no. 37. |
No items available.